Capitals Beginning with O and P - Statistics

General Stats
  • This quiz has been taken 398 times
    391 since last reset
  • The average score is 15 of 20
Answer Stats
Capital % Correct
Panama City
87%
Port Au Prince
87%
Oslo
83%
Ottawa
82%
Pristina
82%
Port Moresby
81%
Port of Spain
81%
Paris
80%
Pyongyang
80%
Podgorica
75%
Prague
75%
Phnom Penh
74%
Paramaribo
73%
Pretoria
72%
Praia
71%
Ouagadougou
70%
Port Louis
70%
Porto Novo
69%
Port Vila
68%
Palikir
61%
No matching quizzes found
Score Distribution
Percent of People with Each Score
Percentile by Number Answered
Your Score History
You have not taken this quiz since the last reset